| 000 | 01071cam a22003375a 4500 | ||
|---|---|---|---|
| 001 | 016601972 | ||
| 003 | OSt | ||
| 005 | 20201128023959.0 | ||
| 008 | 140521t2014 enk frb 001 0 eng d | ||
| 020 | _a9781292027630 | ||
| 020 | _a1292027630 | ||
| 040 |
_aStDuBDS _beng _cStDuBDS _dUk _dEG-ScBUE _dEG-ScBUE |
||
| 082 | 0 | 4 |
_a327 _bVIO _222 |
| 100 | 1 | _aViotti, Paul R. | |
| 245 | 1 | 0 |
_aInternational relations theory / _cPaul R. Viotti, Mark V. Kauppi. |
| 250 | _a5th ed., Pearson new international ed. | ||
| 260 |
_aHarlow : _bPearson Education Limited, _cc.2014. |
||
| 300 |
_aii, 426 p. ; _c28 cm. |
||
| 490 | 0 | _aPearson custom library | |
| 500 | _aIndex : p. 419-426. | ||
| 500 | _aGlossary : p. 389-418. | ||
| 504 | _aIncludes bibliographical references. | ||
| 590 | _aSAMEH | ||
| 650 | 7 |
_aInternational economic relations. _2BUEsh _93036 |
|
| 650 | 7 |
_aInternational relations _xexaminations. _2BUEsh |
|
| 651 | _2BUEsh | ||
| 653 |
_bBUSADM _cNovember2016 _bBUSBOL _cOctober2017 |
||
| 655 |
_vText book _933728 |
||
| 700 | 1 | _aKauppi, Mark V. | |
| 942 | _2ddc | ||
| 999 |
_c23072 _d23044 |
||